Visualizzazione normale
Vista MARC
- Grun Anselm
di Personal Name
Records bibliografici associati: 1
001 - CONTROL NUMBER
- control field: 60011
003 - CONTROL NUMBER IDENTIFIER
- control field:
005 - DATE AND TIME OF LATEST TRANSACTION
- control field: 20230504124602.0
008 - FIXED-LENGTH DATA ELEMENTS
- fixed length control field: 230504|| aca||aabn | a|a d
040 ## - CATALOGING SOURCE
- Original cataloging agency:
- Transcribing agency:
100 ## - HEADING--PERSONAL NAME
- Personal name: Grun Anselm
670 ## - SOURCE DATA FOUND
- Source citation: Work cat.: ()359700: Grun Anselm, Il potere., 2021